TECHNICKÉ VÝUKOVÉ PROSTŘEDKY A MULTIMEDIA

Bibliographic Details
Main Author: Soukup, Jiří (Author)
Format: Article
Language:Czech
ISBN:8096733931

MARC

LEADER 00000naa a2200000uu 4500
001 vtls010930581
003 SK-MaSNL
005 20260302131118.0
008 220810|1995 xo |||||||||||||||||cze|
015 |a SNBRA 
035 |a (urnnbn)urn:nbn:sk:snk:ar-a0b3gl 
035 |a (uuid)5545033d-0d36-45a7-9f88-00fcbd4e074d 
035 |a urn:nbn:sk:snk-aatvyx 
040 |a SNKBUCL  |b slo  |c SNKBUCL  |e AACR2 
041 0 |a cze 
044 |a xo  |c SK 
100 1 |a Soukup, Jiří  |4 aut  |9 385911 
245 1 0 |a TECHNICKÉ VÝUKOVÉ PROSTŘEDKY A MULTIMEDIA  |c Jiří Soukup 
773 0 |t Technológie vzdelávania tretieho tisícročia  |d Nitra : SlovDidac, 1995  |g S. 49-53  |z 8096733931 
954 |a odborná, vedecká literatúra cudzojazyčná (svetová)  |2 lita 
958 |a OND 
958 |a article11 
958 |a chapter 
999 |c 1303921  |d 1305851